000 00464nam a2200169Ia 4500
008 230917s9999||||xx |||||||||||||| ||und||
020 _cPOU9.95
040 _e1230
_aMAIN
041 _aEnglish
082 _a595.7 R392I(10)
100 _aRichards, O W
245 0 _aIMMS' general textbook of entomology. 2V: V1-Structure, physiology and development
250 _a10th ed.
260 _aLondon
_bChapman and Hall
_c1979
300 _aviii, 418 p.
942 _cBK
999 _c38719
_d38719